|
|
|
|
| LEADER |
00958nam a2200289 a 4500 |
| 001 |
16830 |
| 003 |
BD-DhAAL |
| 005 |
20141107162922.0 |
| 008 |
141107s2001 bg b 001 0 eng |
| 010 |
|
|
|a 00440700
|
| 020 |
|
|
|a 9844101901
|
| 040 |
|
|
|a DLC
|c DLC
|d DLC
|d BD-DhAAL
|
| 050 |
0 |
0 |
|a DS395.5
|b .M7985 2001
|
| 082 |
0 |
0 |
|a 320.95492
|2 21
|
| 999 |
|
|
|c 33017
|d 33017
|
| 999 |
|
|
|c 33017
|
| 100 |
1 |
|
|a Muhith, A. M. A.,
|d 1934-
|9 5958
|
| 245 |
1 |
0 |
|a Issues of governance in Bangladesh /
|c A.M.A. Muhith.
|
| 250 |
|
|
|a 1st ed.
|
| 260 |
|
|
|a Dhaka ;
|b Mowla Brothers,
|c 2001.
|
| 300 |
|
|
|a xii, 259 p. ;
|c 23 cm.
|
| 504 |
|
|
|a Includes bibliographical references and index.
|
| 541 |
|
|
|e 16830
|
| 650 |
|
0 |
|a Democracy
|z Bangladesh.
|9 5959
|
| 651 |
|
0 |
|a Bangladesh
|x Politics and government
|y 1971-
|9 5949
|
| 942 |
|
|
|2 ddc
|c BK
|
| 952 |
|
|
|0 0
|1 0
|2 ddc
|4 0
|6 320_954920000000000_MUH
|7 0
|9 43998
|a IGS
|b IGS
|c GEN
|d 2014-11-07
|l 0
|o 320.95492 MUH
|p 3010016830
|r 2014-11-07
|t 1
|w 2014-11-07
|y BK
|